000 00266nam a2200097Ia 4500
001 693752
005 20250826161920.0
008 250824s9999 xx 000 0 und d
245 0 _aKur an Niçin ve Nasıl Okunmalı /
_cProf. Dr. Ali Akpınar
260 _bKİTAP DÜNYASI
999 _c693752
_d693752